000 00768nam a2200253Ia 4500
003 OSt
005 20220923225258.0
006 a|||||r|||| 00| 0
007 ta
008 220922b |||||||| |||| 00| 0 hin d
024 _a262,003
037 _cTextual
040 _aARTS
_cARTS
_bhin
041 _2hin
_ahin
082 _aV2.N, 152L4
100 _aवर्मा, दीनानाथ
_9156279
245 0 _aआधुनिक भारत
246 _aĀdhunik bhārata
260 _aपटना
_b ज्ञानदा प्रकाशन
_c1974
300 _a592पृ.
_ccm.
650 _aविश्व-इतिहास
942 _hV2.N, 152L4
_cTEXL
_2CC
999 _c377199
_d377199